[Event "Challenge"]
[Site "http://www.queenalice.com/game.php?id=1870781"]
[Date "2026.3.21"]
[Round "-"]
[White "PaulMSains"]
[Black "simonjscott"]
[Result "1/2-1/2"]
[WhiteElo "2031"]
[BlackElo "2194"]

1. d4 Nf6 2. Bf4 Nd5 3. Bg3 e6 4. e4 Nf6 5. Bd3 b6 6. Nf3 Bb7 7. O-O Be7 8. Nc3
O-O 9. h3 Nc6 10. d5 Nb4 11. Bc4 Ba6 12. Bxa6 Nxa6 13. a3 Nc5 14. e5 Nfe4 15.
Nxe4 Nxe4 16. Bh2 Qc8 17. Re1 Ng5 18. Nxg5 Bxg5 19. f4 Be7 20. c4 Qa6 21. Qe2
Rad8 22. b4 c6 23. d6 Bxd6 24. exd6 Rc8 25. c5 Qa4 26. Qe3 b5 27. Re2 Rfe8 28.
Rae1 f6 29. Qf3 Kf7 30. Qh5+ Kg8 31. f5 e5 32. Bxe5 fxe5 33. Rxe5 Rxe5 34. Rxe5
Rf8 35. Re8 Qxa3 36. f6 Qc1+ 37. Kf2 Qf4+ 38. Kg1 Qxf6 1/2-1/2

[Event "Challenge"]
[Site "http://www.queenalice.com/game.php?id=1870978"]
[Date "2026.3.25"]
[Round "-"]
[White "simonjscott"]
[Black "PaulMSains"]
[Result "1-0"]
[WhiteElo "2189"]
[BlackElo "2038"]

1. d4 d5 2. c4 e6 3. Nc3 Nf6 4. Bg5 Be7 5. e3 O-O 6. Nf3 h6 7. Bh4 Nc6 8. Be2
Nh7 9. Bxe7 Nxe7 10. O-O b6 11. Qc2 c5 12. Ne5 f5 13. Nb5 a6 14. Nc3 Qe8 15. Na4
Rb8 16. dxc5 b5 17. cxb5 axb5 18. Nb6 Nc6 19. Bxb5 Bb7 20. Qc3 Nf6 21. f3 Rd8
22. Rfd1 g5 23. a4 h5 24. a5 g4 25. a6 Ba8 26. Nxa8 1-0

[Event "Challenge"]
[Site "http://www.queenalice.com/game.php?id=1871022"]
[Date "2026.3.26"]
[Round "-"]
[White "PaulMSains"]
[Black "jogo"]
[Result "1-0"]
[WhiteElo "2069"]
[BlackElo "1512"]

1. Nf3 Nf6 2. g3 g6 3. Bg2 Bg7 4. O-O d5 5. d3 c5 6. c4 dxc4 7. dxc4 Qxd1 8.
Rxd1 O-O 9. Nc3 a6 10. Na4 Nfd7 11. Be3 b5 12. cxb5 axb5 13. Nxc5 Nxc5 14. Bxc5
1-0

[Event "Challenge"]
[Site "http://www.queenalice.com/game.php?id=1871046"]
[Date "2026.3.27"]
[Round "-"]
[White "PaulMSains"]
[Black "simonjscott"]
[Result "0-1"]
[WhiteElo "2058"]
[BlackElo "2179"]

1. d4 d5 2. Bf4 Nf6 3. Nf3 c5 4. c3 Nc6 5. e3 Bg4 6. Be2 e6 7. O-O Be7 8. h3 Bf5
9. Nbd2 O-O 10. Ne5 a6 11. Nxc6 bxc6 12. Nb3 cxd4 13. Nxd4 Qb6 14. Qb3 Rfb8 15.
Bxb8 Rxb8 16. Qxb6 Rxb6 17. b3 Bg6 18. f4 Ne4 19. Rfc1 Ng3 20. Kh2 Nxe2 21. Nxe2
Bd3 22. Nd4 Ba3 23. Rg1 Bb2 24. Rad1 Be4 25. Ne2 h6 26. g4 Bf3 27. Rd2 Bxe2 28.
Rxb2 Bf3 29. g5 Kh7 30. h4 Kg6 31. Kg3 Be4 32. Rh2 h5 33. Rc1 Kf5 34. c4 a5 35.
cxd5 cxd5 36. Rc7 Kg6 37. Ra7 Rb5 38. Rb2 Rc5 39. Rb7 Rc3 40. Kf2 Rc1 41. Rd2
Rh1 42. Ra7 Rxh4 43. Rxa5 Rg4 44. Kf1 h4 45. b4 h3 46. Rh2 d4 47. Rxh3 Bg2+ 48.
Kf2 Bxh3 49. exd4 Rxf4+ 50. Kg3 Rxd4 51. Kxh3 Rxb4 52. a4 Rb1 53. Re5 Rb3+ 54.
Kg2 Ra3 55. a5 Kh5 56. Rb5 Kg4 57. Kf2 Kf4 58. Ke2 e5 59. Kd2 e4 60. Ke2 Ra2+
61. Ke1 e3 62. Kf1 f6 63. g6 Ke4 64. Rb7 Rxa5 65. Rxg7 Kf5 66. Ke2 Re5 67. Rg8
Kg5 68. Ke1 f5 69. g7 Kg6 70. Ke2 Kf7 71. Rd8 Kxg7 72. Rd3 f4 73. Rd1 Kf6 74.
Re1 Kf5 75. Kf3 Re8 76. Re2 Rg8 0-1

[Event "Challenge"]
[Site "http://www.queenalice.com/game.php?id=1871227"]
[Date "2026.3.29"]
[Round "-"]
[White "simonjscott"]
[Black "PaulMSains"]
[Result "0-1"]
[WhiteElo "2196"]
[BlackElo "2034"]

1. d4 d5 2. c4 Bf5 3. Nf3 Nf6 4. Nc3 h6 5. cxd5 Ne4 6. e3 Nxc3 7. bxc3 Qxd5 8.
Bd3 Qa5 9. Qd2 Bxd3 10. Qxd3 e6 11. O-O Nc6 12. Bd2 Qf5 13. Qxf5 exf5 14. Rab1
O-O-O 15. c4 Ne7 16. Rb3 b6 17. Rfb1 g5 18. Bc3 Bg7 19. h3 g4 20. hxg4 fxg4 21.
Ne1 h5 22. Ra3 Kb7 23. c5 h4 24. cxb6 cxb6 25. Rb5 h3 26. g3 Nd5 27. Bd2 Nf6 28.
Re5 Rde8 29. Rf5 Ne4 30. Rxf7+ Kc6 31. Rxg7 h2+ 0-1

[Event "Challenge"]
[Site "http://www.queenalice.com/game.php?id=1871344"]
[Date "2026.4.3"]
[Round "-"]
[White "PaulMSains"]
[Black "jogo"]
[Result "1-0"]
[WhiteElo "2060"]
[BlackElo "1492"]

1. Nf3 Nf6 2. g3 g6 3. Bg2 Bg7 4. O-O O-O 5. d3 b6 6. Ne5 d5 7. Bf4 Nh5 8. Qd2
Nxf4 9. Qxf4 Qd6 10. d4 f6 11. Nd3 Qxf4 12. Nxf4 Rd8 13. Nc3 1-0

[Event "Challenge"]
[Site "http://www.queenalice.com/game.php?id=1871531"]
[Date "2026.4.6"]
[Round "-"]
[White "simonjscott"]
[Black "PaulMSains"]
[Result "0-1"]
[WhiteElo "2187"]
[BlackElo "2047"]

1. d4 d5 2. c4 Bf5 3. Nf3 Nf6 4. Nc3 e6 5. Qb3 b6 6. Bg5 Be7 7. Bxf6 Bxf6 8.
cxd5 exd5 9. Qxd5 Qxd5 10. Nxd5 Bd8 11. e3 Be4 12. Bc4 O-O 13. Ke2 c6 14. Nc3
Bg6 15. Rac1 Bf6 16. a3 Nd7 17. Rhd1 c5 18. Bb5 Rad8 19. d5 Ne5 20. e4 Nxf3 21.
gxf3 Bh5 22. Rg1 h6 23. Rg2 Bg5 24. Rcg1 Bf6 25. Ke3 Bd4+ 26. Kd3 Bxf3 27. Rg3
Bh5 28. Rh3 Bg6 29. Bc4 Bxf2 30. Rg2 Be1 31. Nb5 Rd7 32. d6 a6 33. Rxg6 axb5 34.
Bd5 Kh7 35. Rg1 Bf2 36. Rf1 Bd4 37. Rhf3 f6 38. Kc2 Rxd6 39. h4 Re8 40. b3 Re5
41. Rf5 Rxf5 42. Rxf5 g6 43. Rf3 f5 44. h5 Be5 45. hxg6+ Kxg6 46. Rxf5 Rxd5 0-1

[Event "Challenge"]
[Site "http://www.queenalice.com/game.php?id=1871761"]
[Date "2026.4.10"]
[Round "-"]
[White "PaulMSains"]
[Black "jogo"]
[Result "1-0"]
[WhiteElo "2056"]
[BlackElo "1496"]

1. e4 c5 2. Nf3 d6 3. Bb5+ Bd7 4. Bxd7+ Nxd7 5. O-O g6 6. Nc3 Bg7 7. d4 cxd4 8.
Nxd4 Ngf6 9. Re1 O-O 10. Be3 a6 11. h3 1-0

[Event "Challenge"]
[Site "http://www.queenalice.com/game.php?id=1871844"]
[Date "2026.4.11"]
[Round "-"]
[White "PaulMSains"]
[Black "simonjscott"]
[Result "0-1"]
[WhiteElo "2063"]
[BlackElo "2180"]

1. d4 d5 2. Bf4 Nf6 3. Nf3 c5 4. e3 e6 5. Bb5+ Bd7 6. Bxd7+ Qxd7 7. O-O Nc6 8.
Nc3 a6 9. Ne5 Nxe5 10. Bxe5 cxd4 11. Qxd4 Be7 12. e4 Rc8 13. Rac1 O-O 14. exd5
exd5 15. h3 Rc4 16. Qd1 Rd8 17. Re1 h6 18. Qd2 Qf5 19. Bd4 Bc5 20. Bxc5 Rxc5 21.
f3 Nh5 22. Ne4 Rcc8 23. Nf2 Nf4 24. c3 Re8 25. Ng4 Re6 26. Kh2 Rce8 27. Rxe6
Rxe6 28. Re1 Rxe1 29. Qxe1 Nd3 30. Qg3 Kh7 31. Ne3 Qe6 32. Nd1 Qe2 33. Qg4 g6
34. Qd7 Kg8 35. Qxd5 Nf4 36. Qd8+ Kh7 37. Kg3 g5 38. Kg4 Qxg2+ 39. Kf5 Qxh3+ 40.
Ke4 Qe6+ 41. Kd4 Qe2 42. Kc5 Ne6+ 0-1

[Event "Challenge"]
[Site "http://www.queenalice.com/game.php?id=1871853"]
[Date "2026.4.12"]
[Round "-"]
[White "simonjscott"]
[Black "PaulMSains"]
[Result "1-0"]
[WhiteElo "2171"]
[BlackElo "2075"]

1. d4 g6 2. e4 Bg7 3. Nc3 e6 4. Nf3 b6 5. Be2 Bb7 6. O-O Nf6 7. Bg5 Qc8 8. Bd3
O-O 9. Re1 d6 10. h3 Nbd7 11. Qd2 c5 12. Rad1 Qc6 13. Bh6 Nh5 14. Bxg7 Nxg7 15.
Qh6 f6 16. d5 exd5 17. exd5 Qc7 18. Re7 Rf7 19. Nb5 Qb8 20. Rxf7 Kxf7 21. Qxh7
f5 22. Bxf5 gxf5 23. Ng5+ Ke8 24. Qg8+ Nf8 25. Qf7+ Kd8 26. Qxf8+ Ne8 27. Re1
1-0

[Event "Challenge"]
[Site "http://www.queenalice.com/game.php?id=1872116"]
[Date "2026.4.17"]
[Round "-"]
[White "simonjscott"]
[Black "PaulMSains"]
[Result "1-0"]
[WhiteElo "2172"]
[BlackElo "2083"]

1. d4 d5 2. c4 dxc4 3. Nf3 Bf5 4. Nc3 Nf6 5. Bf4 e6 6. e3 Bb4 7. Bxc4 Ne4 8. Qb3
Bxc3+ 9. bxc3 b6 10. O-O O-O 11. Rad1 Nc6 12. Qb5 Na5 13. Qb4 Nxc4 14. Qxc4 Rc8
15. Ne5 a5 16. f3 Nd6 17. Qc6 h6 18. e4 Bh7 19. Rd2 Qf6 20. Bg3 Qg5 21. Rfd1 f5
22. Nd7 Rfd8 23. e5 Nf7 24. f4 Qe7 25. d5 Rxd7 26. dxe6 Rxd2 27. exf7+ Qxf7 28.
Rxd2 Bg6 29. Rd7 Qe8 30. e6 Kh8 31. Bh4 Kh7 32. Bf6 Bf7 33. Be5 Qxe6 34. Qxe6
Bxe6 35. Rxg7+ Kh8 36. Re7+ Kg8 37. Rxe6 1-0

[Event "Challenge"]
[Site "http://www.queenalice.com/game.php?id=1872192"]
[Date "2026.4.18"]
[Round "-"]
[White "PaulMSains"]
[Black "simonjscott"]
[Result "1-0"]
[WhiteElo "2062"]
[BlackElo "2188"]

1. e4 e5 2. Nf3 Nf6 3. Nc3 Nc6 4. Bc4 Bc5 5. O-O O-O 6. d3 d6 7. h3 h6 8. Be3
Bxe3 9. fxe3 a6 10. Nd5 Be6 11. Qe2 Qd7 12. Nxf6+ gxf6 13. Bxe6 Qxe6 14. Nh2 Kh7
15. Qh5 Rg8 16. Ng4 Rg6 17. Rf5 Rag8 18. Raf1 Ne7 19. Rxf6 1-0

[Event "Challenge"]
[Site "http://www.queenalice.com/game.php?id=1872276"]
[Date "2026.4.22"]
[Round "-"]
[White "Mlintz"]
[Black "PaulMSains"]
[Result "0-1"]
[WhiteElo "1897"]
[BlackElo "2075"]

1. e4 e5 2. Nf3 Nc6 3. d3 Be7 4. c3 Nf6 5. h3 O-O 6. Be2 d6 7. O-O h6 8. Be3 Bd7
9. Qc2 Qc8 10. Nh2 d5 11. f3 Nh5 12. exd5 Nd8 13. f4 exf4 14. Bxf4 Nxf4 15. Bf3
Ng6 16. Qd1 c6 17. c4 c5 18. Nc3 Rb8 19. a4 Nf4 20. Bg4 Bxg4 21. Nxg4 Ng6 22. g3
f5 23. Nh2 Bd6 24. Ne2 f4 25. g4 Nh4 26. Nf3 Nxf3+ 27. Rxf3 Rf6 28. Qd2 Nf7 29.
Nxf4 Ng5 0-1

[Event "Challenge"]
[Site "http://www.queenalice.com/game.php?id=1872277"]
[Date "2026.4.22"]
[Round "-"]
[White "PaulMSains"]
[Black "Mlintz"]
[Result "1-0"]
[WhiteElo "2072"]
[BlackElo "1877"]

1. Nf3 d5 2. g3 g6 3. Bg2 Bg7 4. O-O e5 5. d3 Nc6 6. Nc3 Nf6 7. Bg5 h6 8. Bxf6
Bxf6 9. e3 Ne7 10. Ne2 Be6 11. c3 Qd7 12. e4 c6 13. exd5 cxd5 14. d4 Nc6 15.
dxe5 Nxe5 16. Nxe5 Bxe5 17. b3 O-O 18. Rb1 Bg7 19. Nf4 Bxc3 20. Qf3 Bg7 21. Nxd5
Bxd5 22. Qxd5 Qxd5 23. Bxd5 Rab8 24. f4 Kh8 25. f5 Bd4+ 26. Kg2 Kg7 27. Rbd1 Bf6
28. g4 g5 29. Rc1 b6 30. Rc7 a5 31. Rfc1 Rfd8 32. Rxf7+ 1-0

[Event "Challenge"]
[Site "http://www.queenalice.com/game.php?id=1872322"]
[Date "2026.4.23"]
[Round "-"]
[White "PaulMSains"]
[Black "simonjscott"]
[Result "1/2-1/2"]
[WhiteElo "2071"]
[BlackElo "2181"]

1. d4 d5 2. Bf4 Nf6 3. Nf3 c5 4. e3 e6 5. Bb5+ Bd7 6. Bxd7+ Qxd7 7. O-O Nc6 8.
Ne5 Nxe5 9. Bxe5 Be7 10. Nc3 O-O 11. h3 Rac8 12. Ne2 Qc6 13. c3 c4 14. b3 Ne4
15. f3 Nd6 16. b4 b5 17. Bh2 Nf5 18. Qd2 Bg5 19. f4 Bf6 20. Ng3 Nd6 21. Qc2 g6
22. a4 a6 23. a5 Bg7 24. Rae1 f5 25. Rf2 Rf7 26. Rfe2 Rcf8 27. Nf1 Ne4 28. Nd2
Nxd2 29. Qxd2 Qd7 1/2-1/2

[Event "Challenge"]
[Site "http://www.queenalice.com/game.php?id=1872441"]
[Date "2026.4.24"]
[Round "-"]
[White "simonjscott"]
[Black "PaulMSains"]
[Result "1-0"]
[WhiteElo "2178"]
[BlackElo "2084"]

1. d4 d5 2. c4 Bf5 3. Nf3 Nf6 4. Nc3 Nc6 5. Bf4 e6 6. e3 Bb4 7. Qb3 Ne4 8. cxd5
exd5 9. Bb5 O-O 10. O-O a5 11. Bxc6 bxc6 12. Nxe4 Bxe4 13. Ne5 c5 14. Nc6 Qf6
15. Nxb4 cxb4 16. Bxc7 Qg6 17. f3 Bf5 18. Qxd5 Rac8 19. Qxa5 Qe6 20. Rac1 Qxe3+
21. Kh1 Bd3 22. Rfe1 Qxd4 23. Be5 Qf2 24. Qxb4 Rxc1 25. Rxc1 Bf1 26. Qg4 f6 27.
Bd4 Bxg2+ 28. Qxg2 Qxd4 29. b3 Qf4 30. Qf1 Ra8 31. a4 Qb4 32. Qd3 Qf4 33. Qd5+
1-0